Management accounting

Αποθηκεύτηκε σε:
Λεπτομέρειες βιβλιογραφικής εγγραφής
Κύριος συγγραφέας: Atkinson, Anthony A.
Μορφή: Βιβλίο
Γλώσσα:English
Δημοσίευση: New Jersey : Prentice-Hall, c1997
Έκδοση:2nd ed.
Σειρά:Robert S. Kaplan series in management accounting
Θέματα:
Ετικέτες: Προσθήκη ετικέτας
Δεν υπάρχουν, Καταχωρήστε ετικέτα πρώτοι!

MARC

LEADER 00000nam a2200000 i 4500
001 1/100699
008 000202s1997 eng d
020 |a 0-13-262163-0 
035 |l 10057380 
040 |a GR-MY-UA  |b gre  |e aacr 
041 0 |a eng 
082 0 |a 658.1511 
100 1 |a Atkinson, Anthony A. 
245 1 0 |a Management accounting /  |c Anthony A. Atkinson...[κ.ά.] 
250 |a 2nd ed. 
260 |a New Jersey :   |b Prentice-Hall,   |c c1997 
300 |a xxxv, 741 σ. 
490 1 |a Robert S. Kaplan series in management accounting 
504 |a Περιλαμβάνει ευρετήριο 
650 0 0 |a Managerial accounting. 
830 0 |a Robert S. Kaplan series in management accounting 
852 |a INST  |b CHIOS  |e 20000202  |h 658.1511 ATK  |p 005200019043  |q 005200019043  |t BK  |y 0 
901 |a BIBL2-2000-1 
909 |a Χ  |b 073924 
922 |a 2ΕΛΗ  |b 200001  |c ΤΔΕ  |d ΠΑΠΑΣΩΤΗΡΙΟΥ 
950 |a 112-1999-11-02 
970 |a ΣΑΛΑΜΟΥΡΑ  |b ΜΑΡΙΑ  |z 2000/02/07